00617nam a22001817a 450000500170000001000150001702000260003203500140005803700130007208200130008524501110009826000450020927000660025430000200032050000530034070000190039370000230041220180620114742.0 aENG-123249 a9780199483617c995.00 aEN-106781 bDBAD/PUB a347.5409 aAlternative dispute resolution:cedited by Shashank Garg [and] Ajit Prakash Shahbthe Indian perspective / aNew DelhibOxford University Pressc2018 a2/18 Ground floor, Ansari road, Daryaganj,bNew Delhie110002 a450p.c22cm(Hb) ait includes bibliographical references and index aGarg, Shashank aShah, Ajit Prakash